Статистические методы в геологии

Dades bibliogràfiques
Autor principal: Добрецов Н. Л.
Autor corporatiu: Академия наук СССР (АН СССР) Сибирское отделение (СО) Институт геологии и геофизики (ИГиГ)
Altres autors: Зуенко В. В. Виктор Владимирович (редактор), Шемякин М. Л. Марк Леонидович, Добрецов Н. Л. Николай Леонтьевич
Sumari:Рассматриваются некоторые вопросы прнменения математическнх методов в геологии, приводятся прнмеры использования статистнческих методов и расчетов на ЭЦВМ при решении конкретных геологических задач. Эти задачи связаны с изучением алмазных месторождений Якутии, минералогическими и петрографическими исследованиями, а также созданием автоматизированных систем обработки геологической информации. В отдельной главе рассмотрены элементы геометрической теории диаграмм состояния многокомпонентных систем. Работа представляет интерес для широкого круга геологов, геофизиков, а также студентов геологических факультетов, применяющих в своих исследованиях математические методы.
Idioma:rus
Publicat: Новосибирск, Наука, 1974
Col·lecció:Труды Института геологии и геофизики Вып. 236
Matèries:
Format: MixedMaterials Llibre
KOHA link:https://koha.lib.tpu.ru/cgi-bin/koha/opac-detail.pl?biblionumber=377393

MARC

LEADER 00000nam0a2200000 4500
001 377393
005 20231102012918.0
035 |a (RuTPU)RU\TPU\retro\34844 
035 |a RU\TPU\book\229573 
090 |a 377393 
100 |a 20230303d1974 k y0rusy50 ca 
101 0 |a rus 
102 |a RU 
105 |a a z 001zy 
200 1 |a Статистические методы в геологии  |f Н. Л. Добрецов, В. В. Зуенко, М. Л. Шемякин  |g Академия наук СССР (АН СССР), Сибирское отделение (СО), Институт геологии и геофизики (ИГиГ) ; отв. ред. Н. Л. Добрецов 
210 |a Новосибирск  |c Наука  |d 1974 
215 |a 142 с.  |c ил., карты 
225 1 |a Труды Института геологии и геофизики  |v Вып. 236 
320 |a Библиогр. в конце гл. 
330 |a Рассматриваются некоторые вопросы прнменения математическнх методов в геологии, приводятся прнмеры использования статистнческих методов и расчетов на ЭЦВМ при решении конкретных геологических задач. Эти задачи связаны с изучением алмазных месторождений Якутии, минералогическими и петрографическими исследованиями, а также созданием автоматизированных систем обработки геологической информации. В отдельной главе рассмотрены элементы геометрической теории диаграмм состояния многокомпонентных систем. Работа представляет интерес для широкого круга геологов, геофизиков, а также студентов геологических факультетов, применяющих в своих исследованиях математические методы. 
606 1 |a Геология  |x Статистические методы  |2 stltpush  |3 (RuTPU)RU\TPU\subj\6107  |9 34066 
610 1 |a методика 
610 1 |a ЭВМ 
610 1 |a автоматизированные системы 
610 1 |a химические элементы 
610 1 |a диаграммы 
610 1 |a матрицы 
610 1 |a петрохимия 
675 |a 552.43  |v 3 
700 1 |a Добрецов  |b Н. Л. 
701 1 |a Зуенко  |b В. В.  |g Виктор Владимирович 
701 1 |a Шемякин  |b М. Л.  |g Марк Леонидович 
702 1 |a Добрецов  |b Н. Л.  |g Николай Леонтьевич  |4 340 
712 0 2 |a Академия наук СССР (АН СССР)  |b Сибирское отделение (СО)  |b Институт геологии и геофизики (ИГиГ)  |c (Новосибирск)  |2 stltpush  |3 (RuTPU)RU\TPU\col\128 
801 1 |a RU  |b 63413507  |c 20120216 
801 2 |a RU  |b 63413507  |c 20230306  |g RCR 
942 |c BK